• 首页
  • 本馆介绍
  • 公告通知
  • 最新文献
  • 馆藏检索
  • 电子资源
  • 读者导购
  • 参考咨询
  • 我的图书馆
  • 登录
  • 详细信息显示
  • 放入我的书架
  • 预约/预借图书
  • 作者相关作品
  • 分类相关作品
  • 丛书相关作品
  • 出版社相关作品

书目信息

  • 表格格式
  • 工作单格式
  • 卡片格式
题名:
2019考研英语 (一) 真题超精读
    
 
作者: 陈正康 主编
分册: 第一册   提高篇
出版信息: 北京   中国政法大学出版社  2018
页数: 1册页
开本: 26cm
丛书名: 陈正康考研英语系列丛书
单 册:
中图分类: H310.421-44 , H319.6
科图分类:
主题词: 英语--ying yu--研究生--入学考试--题解
电子资源:
ISBN: 978-7-5620-8098-5
000 01914nam 2200397 45
001 012001011190
005 20191202104942.60
010    @a978-7-5620-8098-5@dCNY33.30
099    @aCAL 012018045954
100    @a20180312d2018 em y0chiy50 ea
101 0  @achi@aeng
102    @aCN@b110000
105    @aak z 000yy
106    @ar
200 1  @a2019考研英语 (一) 真题超精读@A2019kao yan ying yu (yi) zhen ti chao jing du@d= Super intensive reading@i提高篇@e2005-2014@h第一册@f主编陈正康@zeng
205    @a第4版
210    @a北京@c中国政法大学出版社@d2018
215    @a1册页@c图@d26cm
225 2  @a陈正康考研英语系列丛书@Achen zheng kang kao yan ying yu xi lie cong shu
300    @a适合英语 (一) 考生
307    @a第1分册, 1册; 第2分册, 285页; 第3分册, 359页
314    @a陈正康, 博士, 访美学者, 英语测试和英语教学研究专家, 新浪网、搜狐网和网易等大型考试门户网站特约访谈专家。
327 1  @a第1分册, 真题分卷 ;@a第2分册, 文章逐句超精读 ;@a第3分册, 试题超精解.
330    @a本书由考研一线名师陈正康老师亲自执笔编写, 对2005-2012八年考研英语真题进行权威超精解, 让考生不仅知其然, 更知其所以然。本书答案权威、精准, 解析全面、具体, 力求细致入微, 指导考生定位答案, 掌握解题技巧。是复习进阶阶段的重点复习材料, 建议考生在这本书之前先利用《基础篇》巩固夯实基础, 《提高篇》之后, 可使用《冲刺篇》实战演练, 检验复习效果, 进一步提升解题能力。
410  0 @12001 @a陈正康考研英语系列丛书
510 1  @aSuper intensive reading@zeng
517 1  @a真题分卷@Azhen ti fen juan
517 1  @a文章逐句超精读@Awen zhang zhu ju chao jing du
517 1  @a试题超精解@Ashi ti chao jing jie
517 1  @a考研英语 (一) 真题超精读@Akao yan ying yu (yi) zhen ti chao jing du
606 0  @a英语@Aying yu@x研究生@x入学考试@j题解
690    @aH310.421-44@v5
690    @aH319.6@v5
701  0 @a陈正康@Achen zheng kang@4主编
801  2 @aCN@b上海新华@c20191020
905    @b1182814-7@dH310.421-44@e1749:1=4@f4
    
    2019考研英语 (一) 真题超精读= Super intensive reading.提高篇:2005-2014.第一册/主编陈正康.-第4版.-北京:中国政法大学出版社,2018
    1册页:图;26cm.-(陈正康考研英语系列丛书)
    适合英语 (一) 考生
    部分内容:第1分册, 真题分卷 ;;第2分册, 文章逐句超精读 ;;第3分册, 试题超精解.
    ISBN 978-7-5620-8098-5:CNY33.30
    本书由考研一线名师陈正康老师亲自执笔编写, 对2005-2012八年考研英语真题进行权威超精解, 让考生不仅知其然, 更知其所以然。本书答案权威、精准, 解析全面、具体, 力求细致入微, 指导考生定位答案, 掌握解题技巧。是复习进阶阶段的重点复习材料, 建议考生在这本书之前先利用《基础篇》巩固夯实基础, 《提高篇》之后, 可使用《冲刺篇》实战演练, 检验复习效果, 进一步提升解题能力。
●
相关链接 在E读中查询图书 在五车中查询图书 在当当中查询图书 在豆瓣中查询图书


正题名:2019考研英语 (一) 真题超精读     索取号:H310.421-44/1749:1=4         预约/预借

序号 登录号 条形码 馆藏地/架位号 状态 备注
1 1182814   211828147   第二样本阅览室/ [索取号:H310.421-44/1749:1=4] 在馆    
2 1182815   211828156   第四借阅区/ [索取号:H310.421-44/1749:1=4] 在馆    
3 1182816   211828165   第四借阅区/ [索取号:H310.421-44/1749:1=4] 在馆    
4 1182817   211828174   第四借阅区/ [索取号:H310.421-44/1749:1=4] 在馆    
唐山师范学院图书馆 欢迎您!
大连网信软件有限公司© 版权所有